Ike y sus 4 hermanos : (Record no. 29169)

MARC details
000 -CABECERA
campo de control de longitud fija 00653nam a2200193 a 4500
005 - FECHA Y HORA DE LA ÚLTIMA TRANSACCIÓN
campo de control 20230421063526.0
008 - ELEMENTOS DE LONGITUD FIJA--INFORMACIÓN GENERAL
campo de control de longitud fija 991125s1965 ag 000 0 spa u
035 ## - NÚMERO DE CONTROL DEL SISTEMA
Número de control de sistema UPN01000029169
049 ## - COLECCIÓN
Colección CG
050 #4 - SIGNATURA TOPOGRÁFICA DE LA BIBLIOTECA DEL CONGRESO
Número de clasificación E837
Número de documento/Ítem K6.38
100 1# - ASIENTO PRINCIPAL--NOMBRE PERSONAL
Nombre de persona Kornitzer, Bela
245 10 - MENCIÓN DE TÍTULO
Título Ike y sus 4 hermanos :
Resto del título un auténtico, esclarecedor y sincero retrato familiar /
Mención de responsabilidad, etc. Bela Kornitzer ; tr. Dora Martínez Díaz de Vivar.
260 ## - PUBLICACIÓN, DISTRIBUCIÓN, ETC.
Lugar de publicación, distribución, etc. Buenos Aires :
Nombre del editor, distribuidor, etc. Agora,
Fecha de publicación, distribución, etc. 1965.
300 ## - DESCRIPCIÓN FÍSICA
Extensión 122 p. :
Otras características físicas il.
440 #0 - MENCIÓN DE SERIE/ASIENTO SECUNDARIO--TÍTULO
Título [Publicaciones] Agora ;
Designación de volumen o secuencia 1
600 14 - ASIENTO SECUNDARIO DE MATERIA - NOMBRE PERSONAL
Nombre de persona EISENHOWER, DWIGHT DAVID,
Fechas asociadas al nombre 1890-1969
9 (RLIN) 20107
650 #7 - ASIENTO SECUNDARIO DE MATERIA - TERMINO TEMATICO
Término de materia o nombre geográfico como elemento de entrada Presidentes
Subdivisión geográfica Estados Unidos
Fuente del encabezamiento o término
9 (RLIN) 15561
905 ## - TIPO DE MATERIAL
Tipo de material Libro
Holdings
Estado de retiro Estado de pérdida Fuente del sistema de clasificación o colocación Estado dañado No para préstamo Código de colección Localización permanente Ubicación/localización actual Ubicación en estantería Total de préstamos Clasificación Código de barras Fecha visto por última vez Número de copia Tipo de ítem Koha
    Library of Congress Classification     Colección General Bib. Gregorio Torres Quintero Bib. Gregorio Torres Quintero Planta baja   E837 K6.38 12783 31/12/2020 1 Libro